[Event "Seefeld op 13th"]
[Site "Seefeld"]
[Date "2002.09.17"]
[Round "4"]
[White "Wolf, Stefan"]
[Black "Lagrotteria, Salvatore"]
[Result "0-1"]
[WhiteElo "1814"]
[BlackElo "2164"]
[PlyCount "80"]
[EventDate "2002.09.14"]
[EventType "swiss"]
[EventRounds "9"]
[EventCountry "AUT"]
[SourceTitle "EXT 2007"]
[Source "ChessBase"]
[SourceDate "2006.11.23"]
[SourceVersion "1"]
[SourceVersionDate "2006.11.23"]
[SourceQuality "1"]

1. e4 c6 2. d4 d5 3. Nc3 dxe4 4. Nxe4 Nd7 5. Nf3 Ngf6 6. Nxf6+ Nxf6 7. h3 e6 8. Bf4 Qb6 9. Qc1 Bd7 10. Bd3 c5 11. dxc5 Bxc5 12. 0-0 Nd5 13. Bg3 f6 14. c3 a5 15. Qc2 Ne7 16. Rfe1 g6 17. Rad1 e5 18. Be4 Be6 19. Qa4+ Kf7 20. Qc2 Bd6 21. Bxb7 Rad8 22. Be4 Bxa2 23. Qc1 Bb3 24. Bc2 Bxc2 25. Qxc2 Nf5 26. Bh2 h5 27. Rd2 h4 28. Qe4 Bc5 29. Qc4+ Kg7 30. Nxe5 Qc7 31. Ng4 Bxf2+ 32. Rxf2 Qxc4 33. Rf4 Qc5+ 34. Kh1 Rhe8 35. Ref1 Re2 36. Bg1 Ng3+ 37. Kh2 Nxf1+ 38. Rxf1 Qc6 39. Ne3 Rdd2 40. Rf3 Qxf3 0-1

[Event "Seefeld op 13th"]
[Site "Seefeld"]
[Date "2002.09.14"]
[Round "1"]
[White "Santl, Anton"]
[Black "Wolf, Stefan"]
[Result "1-0"]
[WhiteElo "2189"]
[BlackElo "1814"]
[PlyCount "125"]
[EventDate "2002.09.14"]
[EventType "swiss"]
[EventRounds "9"]
[EventCountry "AUT"]
[SourceTitle "EXT 2007"]
[Source "ChessBase"]
[SourceDate "2006.11.23"]
[SourceVersion "1"]
[SourceVersionDate "2006.11.23"]
[SourceQuality "1"]

1. Nf3 Nf6 2. c4 c5 3. g3 g6 4. Bg2 Bg7 5. 0-0 0-0 6. Nc3 Nc6 7. d4 cxd4 8. Nxd4 Nxd4 9. Qxd4 d6 10. Qd3 Qa5 11. Nb5 a6 12. Bd2 Qb6 13. Be3 Qa5 14. Bd2 Qb6 15. Nc3 Ng4 16. Nd5 Qd8 17. Qa3 Rb8 18. Rad1 Ne5 19. b3 Nc6 20. Bc3 Bxc3 21. Nxc3 Qa5 22. Qc1 Qh5 23. Rd5 f5 24. h4 Qg4 25. Kh2 f4 26. Rg5 fxg3+ 27. fxg3 Rxf1 28. Qxf1 Qd4 29. Nd5 Be6 30. e3 Qb2 31. Nf4 Rf8 32. Qd3 Ne5 33. Rxe5 Qxe5 34. Nxe6 Rf2 35. Nf4 Rxa2 36. Kh3 Qb2 37. Qd5+ Kf8 38. Qxb7 Qe5 39. Qc8+ Kg7 40. Bd5 Qf5+ 41. Qxf5 gxf5 42. g4 fxg4+ 43. Kxg4 a5 44. Kf5 a4 45. bxa4 Rxa4 46. Ke6 Kf8 47. h5 Ra3 48. Ng2 Ra1 49. Nh4 Ra3 50. Nf5 Ra7 51. e4 Rc7 52. e5 dxe5 53. Kxe5 Rc8 54. h6 Rb8 55. c5 Rc8 56. c6 Rc7 57. Ng7 Rc8 58. Nf5 Rc7 59. Nd4 Rc8 60. Be6 Rc7 61. Kd5 Ke8 62. Nb5 Kf8 63. Kc5 1-0

[Event "Seefeld op 11th"]
[Site "Seefeld"]
[Date "2000.09.23"]
[Round "8"]
[White "Wolf, Stefan"]
[Black "Flueckiger, Juergen"]
[Result "1-0"]
[WhiteElo "1740"]
[BlackElo "1947"]
[PlyCount "85"]
[EventDate "2000.09.16"]
[EventType "swiss"]
[EventRounds "9"]
[EventCountry "AUT"]
[SourceTitle "EXT 2001"]
[Source "ChessBase"]
[SourceDate "2000.11.22"]
[SourceVersion "1"]
[SourceVersionDate "2000.11.22"]
[SourceQuality "1"]

1. e4 c5 2. Nc3 d6 3. f4 Nc6 4. Nf3 e6 5. Bb5 Bd7 6. d3 Nge7 7. 0-0 a6 8. Bxc6 Nxc6 9. Qe1 g6 10. f5 Nd4 11. Nxd4 cxd4 12. fxg6 fxg6 13. Qf2 Qe7 14. Qxd4 Bg7 15. Qe3 Rc8 16. Bd2 h5 17. Rf2 Bh6 18. Qe2 Bg7 19. Raf1 b5 20. a3 a5 21. Be3 b4 22. axb4 axb4 23. Nd1 e5 24. Qd2 Rb8 25. Bg5 Qe6 26. Ne3 Bc6 27. Bf6 Qd7 28. Bxg7 Qxg7 29. Rf6 Ke7 30. Nd5+ Bxd5 31. Qg5 Ke8 32. exd5 Rb7 33. Rxg6 Qh7 34. Re6+ Re7 35. Qf6 Rg8 36. Rxd6 Qg7 37. Qxg7 Rexg7 38. Re6+ Kd7 39. Rf2 h4 40. Rxe5 h3 41. Ree2 hxg2 42. Rxg2 Kd6 43. Rxg7 1-0

[Event "Seefeld op 11th"]
[Site "Seefeld"]
[Date "2000.09.16"]
[Round "1"]
[White "Schuurman, Petra"]
[Black "Wolf, Stefan"]
[Result "1-0"]
[WhiteElo "2151"]
[BlackElo "1740"]
[PlyCount "107"]
[EventDate "2000.09.16"]
[EventType "swiss"]
[EventRounds "9"]
[EventCountry "AUT"]
[SourceTitle "EXT 2001"]
[Source "ChessBase"]
[SourceDate "2000.11.22"]
[SourceVersion "1"]
[SourceVersionDate "2000.11.22"]
[SourceQuality "1"]

1. c4 Nf6 2. Nc3 e6 3. e4 d5 4. e5 d4 5. exf6 dxc3 6. bxc3 Qxf6 7. Nf3 Nc6 8. Bd3 Bc5 9. Be4 e5 10. 0-0 0-0 11. Re1 Bg4 12. Rb1 b6 13. d3 h6 14. Be3 Bxe3 15. Rxe3 Rfe8 16. Qa4 Bd7 17. Rbe1 Rad8 18. Qa3 a5 19. c5 Bf5 20. cxb6 cxb6 21. Bxf5 Qxf5 22. d4 e4 23. Nd2 Rd7 24. f3 Rde7 25. fxe4 Qg6 26. Qb3 Nd8 27. e5 Qc6 28. Ne4 Nb7 29. Rb1 Qe6 30. Qxb6 Qxa2 31. Qb3 Qxb3 32. Rxb3 f6 33. exf6 Rxe4 34. Rxe4 Rxe4 35. Rxb7 gxf6 36. Kf2 Rf4+ 37. Ke2 Re4+ 38. Kd3 Re1 39. Ra7 Ra1 40. Kc4 Ra2 41. h4 Rxg2 42. Rxa5 Kf7 43. h5 Ke6 44. Ra6+ Ke7 45. Ra7+ Ke6 46. Rh7 f5 47. Rxh6+ Ke7 48. Kd5 Re2 49. Ra6 f4 50. c4 f3 51. Ra3 f2 52. Rf3 Ra2 53. c5 Kd8 54. h6 1-0

[Event "Wattens op 15th"]
[Site "Wattens"]
[Date "2000.08.30"]
[Round "5"]
[White "Arnold, Johann"]
[Black "Wolf, Stefan"]
[Result "0-1"]
[WhiteElo "1471"]
[BlackElo "1740"]
[PlyCount "80"]
[EventDate "2000.08.26"]
[EventType "swiss"]
[EventRounds "9"]
[EventCountry "AUT"]
[SourceTitle "EXT 2001"]
[Source "ChessBase"]
[SourceDate "2000.11.22"]
[SourceVersion "1"]
[SourceVersionDate "2000.11.22"]
[SourceQuality "1"]

1. d4 d5 2. c4 e6 3. Nc3 Nf6 4. Bg5 Nbd7 5. Nf3 c6 6. e3 Qa5 7. Bxf6 Nxf6 8. Qb3 Ne4 9. a3 Be7 10. Bd3 dxc4 11. Bxc4 Nxc3 12. bxc3 0-0 13. 0-0 b6 14. Ne5 Bd6 15. Nxc6 Qh5 16. h3 Bb7 17. d5 Rfc8 18. Nxa7 Rxa7 19. Qxb6 Bc5 20. Qb2 Bxd5 21. Bxd5 Qxd5 22. a4 Rca8 23. Qb5 Ra5 24. c4 Qe5 25. Qb3 Qb8 26. Qc2 Qe8 27. Rfb1 Rxa4 28. Rxa4 Qxa4 29. Qxa4 Rxa4 30. Rb8+ Bf8 31. Rc8 Ra1+ 32. Kh2 Rc1 33. Kg3 f6 34. Kf3 Kf7 35. g3 Rc2 36. h4 f5 37. h5 h6 38. Kg2 Bb4 39. Kf1 Kf6 40. Rc6 Ba3 0-1

[Event "Seefeld op 10th"]
[Site "Seefeld"]
[Date "1999.09.16"]
[Round "6"]
[White "Wolf, Stefan"]
[Black "Duric, Rajko"]
[Result "1/2-1/2"]
[WhiteElo "1781"]
[BlackElo "1666"]
[PlyCount "121"]
[EventDate "1999.09.11"]
[EventType "swiss"]
[EventRounds "9"]
[EventCountry "AUT"]
[SourceTitle "EXT 2001"]
[Source "ChessBase"]
[SourceDate "2000.11.22"]
[SourceVersion "1"]
[SourceVersionDate "2000.11.22"]
[SourceQuality "1"]

1. e4 d6 2. d4 Nf6 3. Nc3 g6 4. Be3 Bg7 5. Qd2 Ng4 6. Bg5 0-0 7. f3 Nf6 8. Bc4 c6 9. Nge2 e5 10. d5 b5 11. Bb3 b4 12. Nd1 c5 13. Bc4 Qb6 14. Nf2 Kh8 15. h4 h5 16. Bh6 Kh7 17. Bxg7 Kxg7 18. 0-0-0 Ba6 19. Bxa6 Nxa6 20. Rdg1 c4 21. Nd1 b3 22. axb3 cxb3 23. c3 Qa5 24. Qe3 Rfc8 25. g4 Nb4 26. gxh5 Nxh5 27. Kd2 Nc2 28. Qg5 Rh8 29. Ng3 Nxg3 30. Rxg3 Qd8 31. Qg4 Qc8 32. Ne3 Nxe3 33. Kxe3 Qxg4 34. fxg4 a5 35. Rgg1 a4 36. Ra1 Ra7 37. g5 Rha8 38. Kd3 a3 39. Rxa3 Rxa3 40. bxa3 Rxa3 41. Rb1 Kf8 42. Rb2 Ke7 43. c4 Ra2 44. Kc3 Ra1 45. Rxb3 Rh1 46. Kb4 Rxh4 47. Re3 Rg4 48. c5 dxc5+ 49. Kxc5 Rxg5 50. Kc6 Rg1 51. d6+ Kd8 52. Rh3 Rc1+ 53. Kd5 Kd7 54. Rh7 Rf1 55. Kxe5 Kc6 56. Rh8 Kd7 57. Rf8 Rf2 58. Kd5 Rd2+ 59. Ke5 Rf2 60. Kd5 Rd2+ 61. Ke5 1/2-1/2

[Event "Seefeld op 10th"]
[Site "Seefeld"]
[Date "1999.09.14"]
[Round "4"]
[White "Wolf, Stefan"]
[Black "Ritz, Thomas"]
[Result "0-1"]
[WhiteElo "1781"]
[BlackElo "2148"]
[PlyCount "76"]
[EventDate "1999.09.11"]
[EventType "swiss"]
[EventRounds "9"]
[EventCountry "AUT"]
[SourceTitle "EXT 2001"]
[Source "ChessBase"]
[SourceDate "2000.11.22"]
[SourceVersion "1"]
[SourceVersionDate "2000.11.22"]
[SourceQuality "1"]

1. e4 c5 2. Nc3 Nc6 3. f4 g6 4. Nf3 Bg7 5. Bc4 d6 6. 0-0 Nf6 7. d3 Na5 8. Bb5+ Bd7 9. Bxd7+ Qxd7 10. Qe1 e5 11. fxe5 dxe5 12. Bg5 Nc6 13. Qh4 Ng8 14. Nd5 h6 15. Be3 b6 16. Rf2 Nce7 17. Raf1 Nxd5 18. exd5 Qxd5 19. Qa4+ Ke7 20. Nxe5 Bxe5 21. Rxf7+ Qxf7 22. Rxf7+ Kxf7 23. Qc4+ Kg7 24. Qd5 Re8 25. d4 cxd4 26. Bxd4 Bxd4+ 27. Qxd4+ Nf6 28. Qc3 Rhf8 29. h3 Rf7 30. Kh2 Kh7 31. Qc6 Ree7 32. c3 Nh5 33. Qd6 Re2 34. Qd5 Rff2 35. Qd7+ Ng7 36. Qxa7 Rxg2+ 37. Kh1 Rxb2 38. Qxb6 Rxb6 0-1

[Event "Wattens op 12th"]
[Site "Wattens"]
[Date "1997.??.??"]
[Round "?"]
[White "Klee, Charlotte"]
[Black "Wolf, Stefan"]
[Result "1/2-1/2"]
[WhiteElo "1605"]
[BlackElo "1750"]
[PlyCount "90"]
[EventDate "1997.??.??"]
[EventType "swiss"]
[EventRounds "9"]
[EventCountry "AUT"]
[SourceTitle "EXT 2000"]
[Source "ChessBase"]
[SourceDate "1999.11.16"]
[SourceVersion "1"]
[SourceVersionDate "1999.11.16"]
[SourceQuality "1"]

1. Nf3 Nf6 2. d4 d5 3. e3 e6 4. c4 c6 5. Nc3 Nbd7 6. cxd5 exd5 7. Bd3 Bd6 8. e4 Nxe4 9. 0-0 0-0 10. Bxe4 dxe4 11. Nxe4 Be7 12. Bd2 Nf6 13. Nxf6+ Bxf6 14. Bc3 Qd5 15. Qb3 Qxb3 16. axb3 Be6 17. b4 Rfd8 18. h3 Rd5 19. Rfe1 a6 20. Re3 Be7 21. Ne5 Rdd8 22. Rd1 Bg5 23. Ree1 Bb3 24. Ra1 Re8 25. Nd3 Bc4 26. Nc5 Rxe1+ 27. Rxe1 b6 28. Nd7 b5 29. Nb6 Rb8 30. Nxc4 bxc4 31. Re5 Bf6 32. Rc5 Rb6 33. Rxc4 Kf8 34. d5 cxd5 35. Rc8+ Ke7 36. Kh2 Kd7 37. Rc5 Bxc3 38. bxc3 Kd6 39. Rc8 Rc6 40. Rd8+ Ke6 41. Re8+ Kd7 42. Re3 Re6 43. Rd3 Kc6 44. Kg3 Rd6 45. Rd4 Kd7 1/2-1/2

[Event "Wattens op 12th"]
[Site "Wattens"]
[Date "1997.??.??"]
[Round "?"]
[White "Wolf, Stefan"]
[Black "Gruber, Michael"]
[Result "0-1"]
[WhiteElo "1750"]
[BlackElo "1845"]
[PlyCount "64"]
[EventDate "1997.??.??"]
[EventType "swiss"]
[EventRounds "9"]
[EventCountry "AUT"]
[SourceTitle "EXT 2000"]
[Source "ChessBase"]
[SourceDate "1999.11.16"]
[SourceVersion "1"]
[SourceVersionDate "1999.11.16"]
[SourceQuality "1"]

1. e4 e5 2. Nf3 Nc6 3. Bc4 Bc5 4. c3 Nf6 5. d4 exd4 6. cxd4 Bb4+ 7. Nc3 Nxe4 8. 0-0 Bxc3 9. d5 Bf6 10. Re1 Ne7 11. Rxe4 d6 12. Bg5 Bxg5 13. Nxg5 0-0 14. Nxh7 Kxh7 15. Qh5+ Kg8 16. Rh4 f6 17. f4 Bf5 18. Re1 Bg6 19. Qe2 Re8 20. Qe6+ Bf7 21. Qh3 Ng6 22. Rxe8+ Qxe8 23. Rg4 Qe1+ 24. Bf1 f5 25. Rg5 Nxf4 26. Qxf5 Qe3+ 27. Kh1 Ne2 28. Bxe2 Qxe2 29. g3 Re8 30. h4 Qe1+ 31. Kh2 Re2+ 32. Kh3 Qh1+ 0-1

[Event "Wattens op 12th"]
[Site "Wattens"]
[Date "1997.??.??"]
[Round "?"]
[White "Zechner, Thomas"]
[Black "Wolf, Stefan"]
[Result "0-1"]
[WhiteElo "1620"]
[BlackElo "1750"]
[PlyCount "76"]
[EventDate "1997.??.??"]
[EventType "swiss"]
[EventRounds "9"]
[EventCountry "AUT"]
[SourceTitle "EXT 2000"]
[Source "ChessBase"]
[SourceDate "1999.11.16"]
[SourceVersion "1"]
[SourceVersionDate "1999.11.16"]
[SourceQuality "1"]

1. c4 Nf6 2. Nc3 e6 3. d4 d5 4. Bg5 Nbd7 5. e3 c6 6. Nf3 Qa5 7. a3 Ne4 8. Rc1 dxc4 9. Bf4 Nxc3 10. Rxc3 Bxa3 11. Nd2 Bxb2 12. Rxc4 Bc3 13. Bd6 Bxd2+ 14. Qxd2 Qxd2+ 15. Kxd2 Nb6 16. Rc2 f6 17. Be2 Kf7 18. Ra1 a6 19. Rb2 Nd7 20. Bf3 Re8 21. Ra5 e5 22. d5 e4 23. dxc6 bxc6 24. Bg4 Ne5 25. Bxe5 Bxg4 26. Bd4 Red8 27. Rb6 Rd5 28. Raxa6 Rxa6 29. Rxa6 Bd7 30. Kc3 c5 31. Kc4 Be6 32. Bxc5 Rd6+ 33. Kb5 Bc4+ 34. Kxc4 Rxa6 35. Kd4 Ra2 36. g4 Rxf2 37. Bd6 Rd2+ 38. Kc5 Rd3 0-1

[Event "Wattens op 11th"]
[Site "Wattens"]
[Date "1996.??.??"]
[Round "8"]
[White "Grab, Ratko"]
[Black "Wolf, Stefan"]
[Result "1/2-1/2"]
[WhiteElo "2060"]
[BlackElo "1710"]
[PlyCount "94"]
[EventDate "1996.??.??"]
[EventType "swiss"]
[EventRounds "9"]
[EventCountry "AUT"]
[SourceTitle "EXT 2000"]
[Source "ChessBase"]
[SourceDate "1999.11.16"]
[SourceVersion "1"]
[SourceVersionDate "1999.11.16"]
[SourceQuality "1"]

1. d4 d5 2. Nf3 Nf6 3. c4 e6 4. Nc3 Nbd7 5. Bg5 c6 6. e3 Qa5 7. Nd2 Bb4 8. Bxf6 Nxf6 9. Qc2 0-0 10. Bd3 dxc4 11. Nxc4 Qc7 12. 0-0 Bd6 13. h3 e5 14. dxe5 Bxe5 15. f4 Bxc3 16. bxc3 g6 17. e4 Nh5 18. e5 Be6 19. Nd6 f5 20. Qe2 Ng3 21. Qf3 Nxf1 22. Rxf1 Rad8 23. Qe2 Rxd6 24. exd6 Qxd6 25. Kh2 Re8 26. Bc4 Kf7 27. Kh1 Bxc4 28. Qxc4+ Qd5 29. Qb4 Qb5 30. Qxb5 cxb5 31. Rb1 a6 32. a4 Rc8 33. axb5 Rxc3 34. bxa6 bxa6 35. Rb7+ Kg8 36. Ra7 Ra3 37. Kh2 a5 38. g4 fxg4 39. hxg4 Rf3 40. Rxa5 Rxf4 41. Kg3 Rf7 42. g5 Rf5 43. Rxf5 gxf5 44. Kf4 Kg7 45. Kxf5 Kf7 46. Kg4 Kg6 47. Kh4 h6 1/2-1/2